| 000 | 01016nam a22002177a 4500 | ||
|---|---|---|---|
| 003 | BD-DhUL | ||
| 005 | 20170516115655.0 | ||
| 008 | 170516s1998 bg a|||| |||| 00| 0 ben c | ||
| 020 | _a8123722818 | ||
| 040 |
_aBD-DhUL _cBD-DhUL |
||
| 082 |
_a954 _bALB |
||
| 100 | 1 | _aআল-বিরুনি | |
| 245 | 1 |
_aভারত / _cআল-বিরুনি অনুবাদ কেয়ামুদ্দিন অাহমদ এবং প্রভাত মুখোপাধ্যায় |
|
| 260 |
_aনয়া দিল্লি : _bন্যাশনাল বুক ট্রাস্ট, _c১৯৯৮ |
||
| 300 |
_axxxii, ২৩৮ পৃ. : _bচিত্র, মানচিত্র ; _c২২ সেমি |
||
| 650 | 0 | _aভারত - ইতিহাস | |
| 650 | 0 | _aIndia - history | |
| 700 | 1 |
_aঅাহমদ, কেয়ামুদ্দিন _eঅনুবাদক |
|
| 700 | 1 |
_a মুখোপাধ্যায়, প্রভাত _eঅনুবাদক |
|
| 942 |
_2ddc _cBK |
||
| 999 |
_c197508 _d197508 |
||